Wisconsin Cities A-Z - Statistics

General Stats
  • This quiz has been taken 166 times
    135 since last reset
  • The average score is 12 of 20
Answer Stats
Population Municipality or CDP % Correct
M 577,222 Milwaukee
93%
G 107,395 Green Bay
91%
A 75,644 Appleton
89%
K 99,986 Kenosha
84%
E 69,421 Eau Claire
82%
O 66,816 Oshkosh
81%
W 71,158 Waukesha
79%
R 77,816 Racine
75%
L 52,680 La Crosse
74%
F 44,678 Fond du Lac
69%
J 65,615 Janesville
67%
S 49,929 Sheboygan
63%
B 41,464 Brookfield
49%
N 40,451 New Berlin
40%
V 14,030 Verona
30%
D 25,410 De Pere
26%
P 15,914 Pewaukee
25%
H 15,626 Hartford
23%
C 18,204 Cudahy
20%
T 11,271 Two Rivers
14%
No matching quizzes found
Score Distribution
Percent of People with Each Score
Percentile by Number Answered
Your Score History
You have not taken this quiz since the last reset